• 首页
  • 本馆介绍
  • 公告通知
  • 最新文献
  • 馆藏检索
  • 电子资源
  • 读者导购
  • 参考咨询
  • 我的图书馆
  • 登录
  • 详细信息显示
  • 放入我的书架
  • 预约/预借图书
  • 作者相关作品
  • 分类相关作品
  • 丛书相关作品
  • 出版社相关作品

书目信息

  • 表格格式
  • 工作单格式
  • 卡片格式
题名:
生态文丛
    
 
作者: 祁文慧 编译
分册:   林学篇
出版信息: 汕头   汕头大学出版社  2018
页数: 354页
开本: 24cm
丛书名:
单 册:
中图分类: Q14 , S718.5
科图分类:
主题词: 林业--lin ye--生态工程--汉语--英语
电子资源:
ISBN: 978-7-5658-3561-2
000 01015nam 2200277 450
001 012001000790
005 20140106172006.0
010    @a978-7-5658-3561-2@dCNY70.00
099    @aCAL 012018122697
100    @a20181008d2018 em y0chiy50 ea
101 0  @achi@aeng
102    @aCN@b440000
105    @ak z 000yy
106    @ar
200 1  @a生态文丛@Asheng tai wen cong@i林学篇@f祁文慧编译
210    @a汕头@c汕头大学出版社@d2018
215    @a354页@d24cm
300    @a中英互译
330    @a本书旨在为广大读者提供林业学科和林业学术相关信息知识, 以及相应的英语语言表达学习参照。该译著依据“外语+”外语人才培养模式, 立足生态科学中的林业和林学相关信息, 具体包括林学基础知识、林业学科、林学理论、林学代表人物、林业创新、林业高校、林学学术等, 翻译为相应的中英文。
517 1  @a林学篇@Alin xue pian
606 0  @a林业@Alin ye@x生态工程@x汉语@x英语
690    @aQ14@v5
690    @aS718.5@v5
701  0 @a祁文慧@Aqi wen hui@4编译
801  0 @aCN@b北京卓展文化@c20191020
905    @b1201003-6@dQ14@e266@f4
    
    生态文丛.林学篇/祁文慧编译.-汕头:汕头大学出版社,2018
    354页;24cm
    中英互译
    
    ISBN 978-7-5658-3561-2:CNY70.00
    本书旨在为广大读者提供林业学科和林业学术相关信息知识, 以及相应的英语语言表达学习参照。该译著依据“外语+”外语人才培养模式, 立足生态科学中的林业和林学相关信息, 具体包括林学基础知识、林业学科、林学理论、林学代表人物、林业创新、林业高校、林学学术等, 翻译为相应的中英文。
●
相关链接 在E读中查询图书 在五车中查询图书 在当当中查询图书 在豆瓣中查询图书


正题名:生态文丛     索取号:Q14/266         预约/预借

序号 登录号 条形码 馆藏地/架位号 状态 备注
1 1201003   212010036   第二样本阅览室/ [索取号:Q14/266] 在馆    
2 1201004   212010045   第三借阅区/ [索取号:Q14/266] 在馆    
3 1201005   212010054   第三借阅区/ [索取号:Q14/266] 在馆    
4 1201006   212010063   第三借阅区/ [索取号:Q14/266] 在馆    
唐山师范学院图书馆 欢迎您!
大连网信软件有限公司© 版权所有